000 00496nam a22001577a 4500
003 macl
005 20181226123542.0
008 181226b xxu||||| |||| 00| 0 eng d
040 _cmacl
082 _a891.431/P/SHU
100 _aशुक्‍ल ,प्रयास
_973501
245 _aयहाॅ कहाॅ थी छाया
260 _aबीकानेर
_bवाग्‍देवी प्रकाशन
_c2015
650 _aकविताऍ
_968817
942 _2ddc
_cHIN
999 _c58789
_d58789